[Event "Canadian op"]
[Site "Edmonton"]
[Date "2005.07.16"]
[Round "9"]
[White "Blackwell, Ross"]
[Black "Wihnon, Jason"]
[Result "0-1"]
[WhiteElo "1476"]
[BlackElo "1723"]
[PlyCount "96"]
[EventDate "2005.07.09"]
[EventType "swiss"]
[EventRounds "10"]
[EventCountry "CAN"]
[SourceTitle "CBM 107 Extra"]
[Source "ChessBase"]
[SourceDate "2005.09.01"]
[SourceVersion "1"]
[SourceVersionDate "2005.09.01"]
[SourceQuality "1"]

1. d4 Nf6 2. c4 g6 3. Nc3 d5 4. cxd5 Nxd5 5. e4 Nxc3 6. bxc3 Bg7 7. Bc4 c5 8. Ne2 0-0 9. 0-0 cxd4 10. cxd4 Nc6 11. Be3 Na5 12. Bd3 Nc6 13. Bc2 Bg4 14. f3 Bd7 15. Rb1 b6 16. Qd2 Na5 17. Bd3 Rc8 18. Rfc1 Bc6 19. Bh6 Qd7 20. Bxg7 Kxg7 21. Ba6 Bb7 22. Bxb7 Nxb7 23. Rxc8 Rxc8 24. Rc1 Rc7 25. Rxc7 Qxc7 26. Qc3 Qxc3 27. Nxc3 Kf8 28. Kf2 Ke8 29. f4 Kd7 30. Ke3 Nd6 31. a4 Nb7 32. g4 Na5 33. Kd3 Nb7 34. h4 a6 35. f5 e6 36. fxe6+ fxe6 37. Ke3 Nd6 38. Kf4 h6 39. d5 b5 40. axb5 axb5 41. dxe6+ Kxe6 42. Nb1 Nc4 43. g5 h5 44. e5 b4 45. Ke4 Nxe5 46. Nd2 Nc6 47. Nb3 Ne7 48. Nd4+ Kd6 0-1

[Event "Canadian op"]
[Site "Edmonton"]
[Date "2005.07.15"]
[Round "8"]
[White "Kuczaj, Chris"]
[Black "Blackwell, Ross"]
[Result "1-0"]
[WhiteElo "1904"]
[BlackElo "1476"]
[PlyCount "138"]
[EventDate "2005.07.09"]
[EventType "swiss"]
[EventRounds "10"]
[EventCountry "CAN"]
[SourceTitle "CBM 107 Extra"]
[Source "ChessBase"]
[SourceDate "2005.09.01"]
[SourceVersion "1"]
[SourceVersionDate "2005.09.01"]
[SourceQuality "1"]

1. c4 g6 2. Nf3 Bg7 3. Nc3 c5 4. g3 Nf6 5. Bg2 Nc6 6. 0-0 0-0 7. d4 cxd4 8. Nxd4 a6 9. e3 Qc7 10. b3 d6 11. Bb2 Bd7 12. Rc1 Rac8 13. Qd2 Nxd4 14. exd4 e6 15. Rfe1 Ng4 16. h3 Bh6 17. f4 Nf6 18. g4 Bg7 19. Qf2 Bc6 20. d5 exd5 21. cxd5 Bd7 22. g5 Ne8 23. Ne4 Qb8 24. Bxg7 Kxg7 25. Qh4 Qa7+ 26. Kh1 Rxc1 27. Rxc1 Qd4 28. Kh2 Bf5 29. Rc4 Qb2 30. Ng3 Bd7 31. f5 Bxf5 32. Nxf5+ gxf5 33. Rd4 Qe2 34. Rf4 Qe5 35. Kg1 b5 36. Qf2 Kg6 37. Qh4 Kg7 38. Rf1 Nc7 39. Re1 Qc3 40. Rf1 Qe5 41. Re1 Qc3 42. Kh1 Re8 43. Rf1 Qe5 44. Qf2 Kg6 45. Qd2 Qe2 46. Qc3 Qe5 47. Qxc7 Kxg5 48. Qxf7 Re7 49. Qg8+ Kh6 50. h4 Qf6 51. Qg3 Re5 52. Qf4+ Kg6 53. Rg1 Kf7 54. Rc1 Qg6 55. Rc7+ Ke8 56. Qc1 Kf8 57. Qc6 Re2 58. Rc8+ Kg7 59. Qc3+ Kh6 60. Qf3 Re4 61. Qf2 Re7 62. Qf4+ Kg7 63. Rc3 Kf7 64. Rg3 Qf6 65. Rg5 Ke8 66. Rxf5 Qa1+ 67. Kh2 Kd7 68. Rf6 Qe5 69. Qxe5 dxe5 1-0

[Event "Canadian op"]
[Site "Edmonton"]
[Date "2005.07.14"]
[Round "7"]
[White "Blackwell, Ross"]
[Black "Erickson, John"]
[Result "1/2-1/2"]
[WhiteElo "1476"]
[BlackElo "1904"]
[PlyCount "113"]
[EventDate "2005.07.09"]
[EventType "swiss"]
[EventRounds "10"]
[EventCountry "CAN"]
[SourceTitle "CBM 107 Extra"]
[Source "ChessBase"]
[SourceDate "2005.09.01"]
[SourceVersion "1"]
[SourceVersionDate "2005.09.01"]
[SourceQuality "1"]

1. d4 d6 2. c4 g6 3. Nc3 Nf6 4. e4 Nbd7 5. Bd3 e5 6. d5 Nc5 7. Bc2 a5 8. Nge2 Bg7 9. 0-0 0-0 10. Bg5 Bg4 11. h3 Bd7 12. Qd2 Qc8 13. Kh2 Rb8 14. a4 Kh8 15. f3 Ng8 16. Nb5 b6 17. Be3 Na6 18. Rab1 Nb4 19. Ng3 Ne7 20. Bg5 f6 21. Be3 Rf7 22. Rbd1 f5 23. exf5 Nxc2 24. Qxc2 Nxf5 25. Nxf5 Bxf5 26. Qd2 Qf8 27. b3 Qe7 28. Rde1 Bf6 29. Re2 Bd7 30. Nc3 Qe8 31. Ne4 Be7 32. Qd1 Bf5 33. Ng5 Rf8 34. Bc1 Qd8 35. Ne4 Bxe4 36. Rxe4 Rf7 37. f4 exf4 38. Rexf4 Rxf4 39. Rxf4 Bf6 40. Rf2 Be5+ 41. Bf4 Qe7 42. Qf3 Re8 43. Bxe5+ Qxe5+ 44. g3 Qe7 45. Kg2 Kg7 46. g4 h6 47. h4 Qe4 48. Kg3 Qe3 49. Qxe3 Rxe3+ 50. Rf3 Re7 51. g5 hxg5 52. hxg5 Re1 53. Kf4 Re7 54. Re3 Rf7+ 55. Ke4 Rf5 56. Rg3 Kf7 57. Rf3 1/2-1/2

[Event "Canadian op"]
[Site "Edmonton"]
[Date "2005.07.11"]
[Round "4"]
[White "Davies, Noam"]
[Black "Blackwell, Ross"]
[Result "1-0"]
[WhiteElo "2008"]
[BlackElo "1476"]
[PlyCount "53"]
[EventDate "2005.07.09"]
[EventType "swiss"]
[EventRounds "10"]
[EventCountry "CAN"]
[SourceTitle "CBM 107 Extra"]
[Source "ChessBase"]
[SourceDate "2005.09.01"]
[SourceVersion "1"]
[SourceVersionDate "2005.09.01"]
[SourceQuality "1"]

1. e4 c5 2. Nf3 d6 3. d4 cxd4 4. Nxd4 Nf6 5. Nc3 g6 6. Be3 Bg7 7. f3 Bd7 8. Qd2 Nc6 9. Bc4 Na5 10. Bb3 Rc8 11. 0-0-0 a6 12. Bh6 0-0 13. h4 Nc4 14. Bxc4 Rxc4 15. Bxg7 Kxg7 16. h5 Rh8 17. g4 h6 18. Rdg1 Qb6 19. Nde2 g5 20. f4 Bxg4 21. fxg5 Nxe4 22. gxh6+ Kf8 23. Nxe4 Rxe4 24. Rxg4 Rxg4 25. Qc3 Rxh6 26. Qc8+ Kg7 27. Qxg4+ 1-0

[Event "Canadian op"]
[Site "Edmonton"]
[Date "2005.07.10"]
[Round "3"]
[White "Blackwell, Ross"]
[Black "Sagert, David"]
[Result "1-0"]
[WhiteElo "1476"]
[BlackElo "1810"]
[PlyCount "51"]
[EventDate "2005.07.09"]
[EventType "swiss"]
[EventRounds "10"]
[EventCountry "CAN"]
[SourceTitle "CBM 107 Extra"]
[Source "ChessBase"]
[SourceDate "2005.09.01"]
[SourceVersion "1"]
[SourceVersionDate "2005.09.01"]
[SourceQuality "1"]

1. d4 c6 2. c4 d5 3. cxd5 cxd5 4. Nc3 Nf6 5. Bf4 Nc6 6. e3 e6 7. a3 Be7 8. Bd3 a6 9. h3 b5 10. Nf3 Nd7 11. b4 Bb7 12. e4 Nb6 13. 0-0 0-0 14. e5 Rc8 15. Ne2 f6 16. exf6 Bxf6 17. Re1 Bxd4 18. Nfxd4 Nxd4 19. Bxh7+ Kxh7 20. Qxd4 Rc4 21. Qd3+ g6 22. Bg3 Nd7 23. Nd4 e5 24. Ne6 e4 25. Nxd8 exd3 26. Nxb7 1-0